| 000 | 00638nam a2200217 a 4500 | ||
|---|---|---|---|
| 001 | 9881 | ||
| 003 | CO-ViMGA | ||
| 008 | 141112s2004 ck r 000 u spa d | ||
| 020 | _a9589028233 | ||
| 040 |
_aCO-ViMGA _bspa _cCO-ViMGA |
||
| 082 | 0 | 4 | _a923.286 B46 |
| 245 | 1 | 0 | _aBiografia de los Constituyentes 1886 |
| 260 |
_aSantafé de Bogotá : _bBanco de la República, _c1886 |
||
| 300 | _a6v. | ||
| 490 | _aFormación de pensamiento y Educación | ||
| 650 | 1 | 4 |
_aBIOGRAFIAS _911856 |
| 650 | 1 | 4 |
_aCONSTITUCION 1886 _911857 |
| 650 | 1 | 4 |
_aCONSTITUYENTES COLOMBIANOS _911858 |
| 650 | 1 | 4 |
_aREFORMAS CONSTITUCIONALES _911859 |
| 942 |
_2ddc _cBK |
||
| 999 |
_c21260 _d21260 |
||